Thanh học: Các bệnh về giọng nói, lời nói và ngôn ngữ

में बचाया:
ग्रंथसूची विवरण
मुख्य लेखक: Lê Văn Lợi
स्वरूप: पुस्तक
भाषा:Undetermined
प्रकाशित: Hà Nội Y Học 1999
विषय:
टैग : टैग जोड़ें
कोई टैग नहीं, इस रिकॉर्ड को टैग करने वाले पहले व्यक्ति बनें!
Thư viện lưu trữ: Trung tâm Học liệu Trường Đại học Cần Thơ
LEADER 00512nam a2200169Ia 4500
001 CTU_43565
008 210402s9999 xx 000 0 und d
082 |a 616.855 
082 |b L462 
100 |a Lê Văn Lợi 
245 0 |a Thanh học: Các bệnh về giọng nói, lời nói và ngôn ngữ 
245 0 |c Lê Văn Lợi 
260 |a Hà Nội 
260 |b Y Học 
260 |c 1999 
650 |a articulation disorders 
980 |a Trung tâm Học liệu Trường Đại học Cần Thơ